000 00453cam a2200145 4500500
005 20251012010941.0
041 _afre
042 _adc
100 1 0 _aTiercelin, Claudine
_eauthor
245 0 0 _aÀ la vie, à la mort
260 _c2012.
500 _a73
786 0 _nPhilosophie magazine | 58 | 4 | 2012-04-01 | p. 55-55 | 1951-1787
856 4 1 _uhttps://shs.cairn.info/magazine-philosophie-magazine-2012-4-page-55?lang=fr&redirect-ssocas=7080
999 _c1521250
_d1521250